000 01063nam a22003497a 4500
003 CHAP
005 20220329132931.0
008 971013s1985 r 00010 d
010 _a395
011 _a1367
035 _a543
040 _cCHAP
090 _aFolleto 12451
100 0 0 _aErnst, R. L.
_937329
245 _aForest stand density and stocking concepts, terms, and the use of stocking guides
260 _aBroomall, Pa. :
_bForest service,
_c1985
300 _a8 h.
490 _aTechnical report wo-44
500 _a36-108
501 _aEnc. con otros impresos similares
590 _aBATCH-UPD
_b10
_c20130110
_lUCH01
_h1743
590 _aBATCH-UPD
_b10
_c20130410
_lUCH01
_h1122
590 _aBATCH-UPD
_b10
_c20130914
_lUCH01
_h0705
590 _aCONVERSION
_b10
_c20130109
_lUCH01
_h1302
650 1 4 _aBosques
_xValoración.
_914409
700 0 _aKnopp, W. H.
_963544
700 0 _aWarren, P. A.
_9121114
830 0 _aTechnical report wo-44
_9111910
901 _aBK
942 _cFOLL
949 _aFolleto 12451
_bBC
_cFOLL
_d-9995
_eTS1
_i543
_si
999 _c395
_d395